000 00373nam a2200121Ia 4500
008 220204s9999 xx 000 0 und d
082 _aNR:063IR`1994'
_bIRR
245 0 _aIRRDB TPD workshop 26-28 July, 1994 South Chini Academy of tropical crops Hainan, China
260 _aChina
_bIRRDB
_c1994
650 _aHevea brown bast
650 _aTapping panel dryness
942 _cBK
999 _c43983
_d43983